000 01175nam a2200337 a 4500
001 vtls000159476
003 NLI
005 20210602102342.0
008 101125s1992 enk 001 0 eng
020 _a041506709X :
_cPND 40.00
039 9 _y201011251650
_zVLOAD
040 _aNLI
_beng
_cDatasoft 1
_eAACR2
041 1 _aeng
_hhun
044 _aenk
082 0 4 _a320.9439
100 1 _aHorvath, Agnes,
_d1957-
_9309327
245 1 4 _aThe dissolution of communist power :
_bthe case of Hungary /
_cAgnes Horvath and Arpad Szakolczai
260 _aLondon :
_bRoutledge,
_c1992
300 _axviii, 254 p. ;
_c23 cm.
500 _aTranslated from Hungarian
504 _aIncludes bibliographical references and index
650 0 _aCommunism
_zHungary
_xCase studies
_9309328
651 0 _aEurope, Eastern
_xPolitics and government
_y1945-1989
_xCase studies
_9309329
651 0 _aHungary
_xPolitics and government
_y1945-1989
_xCase studies
_9309330
700 1 _aSzakolczai, Arpad,
_4jt. aut
_9291817
887 _a
901 _a520481
_b25.8.1993
902 _aE 320.9439 H 789
942 _2ddc
_cBKS
949 _AVIRTUAITEM
_D10000
_X100
_6PUR000520481ENG
999 _aVIRTUA40
_c162995
_d162995